000 00452nam a2200181Ia 4500
008 240925s9999 xx 000 0 und d
020 _a9789332549272
082 _a164 COD
100 _aCopi, Irving M.
245 0 _aSymbolic Logic
250 _a5th
260 _aIndia:
_bPearson Education
_c,2016.
300 _a179p.
_b0
_fOriginal
500 _aIncludes Index
600 _aHumanities & Natural Science
650 _aPhilosophy
942 _cBK
999 _c16987
_d16987